<?xml version="1.0" encoding="UTF-8"?>
<marc:record xmlns:marc="http://www.loc.gov/MARC21/slim">
   <marc:leader>00000nam a2200000 a 4500</marc:leader>
   <marc:datafield ind1="1" ind2=" " tag="100">
      <marc:subfield code="a">Hildebrandt, Dieter</marc:subfield>
      <marc:subfield code="4">aut</marc:subfield>
      <marc:subfield code="e">Verfasser/-in</marc:subfield>
   </marc:datafield>
   <marc:datafield ind1="0" ind2="0" tag="245">
      <marc:subfield code="a">Schillers erste Heldin</marc:subfield>
   </marc:datafield>
   <marc:datafield ind1="0" ind2="0" tag="245">
      <marc:subfield code="b">Das Leben der Christophine Reinwald, geb. Schiller</marc:subfield>
   </marc:datafield>
   <marc:datafield ind1="0" ind2="0" tag="245">
      <marc:subfield code="c">Dieter Hildebrandt</marc:subfield>
   </marc:datafield>
   <marc:datafield ind1=" " ind2="1" tag="264">
      <marc:subfield code="a">München</marc:subfield>
      <marc:subfield code="b">Hanser</marc:subfield>
      <marc:subfield code="c">2009</marc:subfield>
   </marc:datafield>
   <marc:datafield ind1="1" ind2=" " tag="520">
      <marc:subfield code="a">Als Schwester war sie Friedrich Schiller so nahe wie nur wenige Menschen. Heute imponiert uns Christophine Reinwald (1757-1847) als eine Frau, die ihr Leben selbst in die Hand genommen hat. Schiller nannte die ältere Schwester seine früheste Heldin. Ihr langes Leben war zunächst bestimmt von der Sorge um die jüngeren Geschwister inmitten einer strengen Familie, dann von der Vernunftehe mit dem Bibliothekar Reinwald aus Meiningen. Erst als Witwe lernt sie, was ihrem Bruder über Nacht gelungen war: die Freiheit, ein eigenes Leben zu führen. Dieter Hildebrandt macht uns mit der Biographie einer Frau bekannt, wie wir sie viel eher in der Gegenwart als im 18. und 19. Jahrhundert vermuten würden.</marc:subfield>
   </marc:datafield>
   <marc:datafield ind1=" " ind2=" " tag="020">
      <marc:subfield code="a">9783446233324</marc:subfield>
      <marc:subfield code="9">9783446233324</marc:subfield>
   </marc:datafield>
   <marc:datafield ind1=" " ind2=" " tag="020">
      <marc:subfield code="a">3446233326</marc:subfield>
      <marc:subfield code="9">3446233326</marc:subfield>
   </marc:datafield>
   <marc:datafield ind1=" " ind2=" " tag="300">
      <marc:subfield code="a">191 S.</marc:subfield>
   </marc:datafield>
</marc:record>
